00242nam a2200085Ia 4500008004100000100002200041245002900063260004300092650002100135190216s9999||||xx |||||||||||||| ||und|| aNamboodiri.A.P.P. 2aA P P Yude Prabanthangal bSahithya Pravarthaka Sahakarana Sangam aMalayalam Essays